The supreme choice : Britain and the European community

Gespeichert in:
Bibliographische Detailangaben
1. Verfasser: Middleton, Drew
Format: Buch
Sprache:Undetermined
Veröffentlicht: London Secker & Warburg 1963
Schlagworte:
Tags: Tag hinzufügen
Keine Tags, Fügen Sie den ersten Tag hinzu!
Thư viện lưu trữ: Trung tâm Học liệu Trường Đại học Cần Thơ
LEADER 00540nam a2200205Ia 4500
001 CTU_88282
008 210402s9999 xx 000 0 und d
082 |a 303.49 
082 |b M628 
100 |a Middleton, Drew 
245 4 |a The supreme choice : 
245 0 |b Britain and the European community 
245 0 |c Drew Middleton 
260 |a London 
260 |b Secker & Warburg 
260 |c 1963 
650 |a World politics 
650 |y 1945- 
904 |i Bằng,Hải 
980 |a Trung tâm Học liệu Trường Đại học Cần Thơ